Papeles del Ateneo Ciudad de Plasencia. (Record no. 189805)

MARC details
000 -LEADER
campo de control de longitud fija 00804nas a2200253 i 4500
001 - NÚMERO DE CONTROL
campo de control 189805
003 - IDENTIFICADOR DE NÚMERO DE CONTROL
campo de control ES-MaACL
005 - FECHA Y HORA DE LA ÚLTIMA TRANSACCIÓN
campo de control 20250724062615.0
008 - DATOS DE LONGITUD FIJA--INFORMACIÓN GENERAL
campo de control de longitud fija 191127d20052008sp m| p | b||pa d
245 00 - MENCIÓN DEL TÍTULO
Título Papeles del Ateneo Ciudad de Plasencia.
260 ## - PUBLICACIÓN, DISTRIBUCIÓN, ETC.
Lugar de publicación, distribución, etc. Plasencia (Cáceres) :
Nombre del editor, distribuidor, etc. Ateneo Ciudad de Plasencia,
Fecha de publicación, distribución, etc. 2005-[2008]
300 ## - DESCRIPCIÓN FÍSICA
Extensión v. :
Otras características físicas il. ;
Dimensiones 30 cm.
310 ## - PERIODICIDAD ACTUAL
Periodicidad actual Mensual,
Fecha de comienzo de la periodicidad actual sept. 2007
321 ## - PERIODICIDAD ANTERIOR
Periodicidad anterior Bimestral
362 0# - FECHAS DE PUBLICACIÓN Y/O DESIGNACIÓN SECUENCIAL
Fecha de publicación y/o designación secuencial N. 1 (marzo 2005)-n. 14 (oct. 2008)
590 0# - NOTA LOCAL (RLIN)
Nota local Descripción basada en: N. 1 (marzo 2005)
594 ## - Nota al título y mención de responsabilidad
Nota al título y mención de responsabilidad Tít. tomado de cubierta.
610 24 - PUNTO DE ACCESO ADICIONAL DE MATERIA--NOMBRE DE ENTIDAD CORPORATIVA
Nombre de entidad corporativa o nombre de jurisdicción como elemento de entrada Ateneo de Plasencia.
9 (RLIN) 168913
650 #7 - PUNTO DE ACCESO ADICIONAL DE MATERIA--TÉRMINO DE MATERIA
Término de materia o nombre geográfico como elemento de entrada Cultura
Fuente del encabezamiento o término embne
9 (RLIN) 170963
710 2# - ENTRADA AGREGADA--NOMBRE DE ENTIDAD CORPORATIVA
Nombre de entidad corporativa o nombre de jurisdicción como elemento de entrada Ateneo de Plasencia.
9 (RLIN) 168913
852 ## - LOCALIZACIÓN
Ubicación ES-MaACL
Número de control de estantería Hem-1982
866 #0 - MENCIÓN TEXTUAL DE FONDOS--UNIDAD BIBLIOGRÁFICA BÁSICA
Fondos (2005)2006-07(2008)
Holdings
Estatus retirado Estado de pérdida Estado de daño No para préstamo Colección Biblioteca de origen Biblioteca actual Ubicación en estantería Fecha de adquisición Fuente de adquisición Total de préstamos Signatura topográfica completa Código de barras Visto por última vez Precio de reemplazo Tipo de ítem Koha
        Periódicos y Revistas Biblioteca del Ateneo de Madrid Biblioteca del Ateneo de Madrid Hemeroteca 27/11/2019     Hem-1982 1201317 23/02/2023 23/02/2023 Revista